Logo BPK

Biblioteka

Politechniki Koszalińskiej

Mathematica 2.2 Enhanced... i statystyka matematyczna dla studentów / (Rekord nr 46499)

Szczegóły MARC
000 -ETYKIETA REKORDU
podpole kontrolne o stałej długości 00875nam a2200253 i 4500
001 - NUMER KONTROLNY REKORDU
pole kontrolne bg
015 ## - NUMER BIBLIOGRAFII NARODOWEJ
Numer bibliografii narodowej PB 11496/99
020 ## - MIĘDZYNARODOWY ZNORMALIZOWANY NUMER KSIĄŻKI - ISBN
ISBN 8385455841
040 ## - ŹRÓDŁO KATALOGOWANIA
Instytucja, która utworzyła rekord BPK
041 0# - KOD JĘZYKA
Kod języka tekstu pol
080 ## - UNIWERSALNA KLASYFIKACJA DZIESIĘTNA - UKD
UKD 519.85:519.2:004.42](075.8)
920 ## - Międzynarodowy znormalizowany numer książki – ISBN
ISBN 83-85455-84-1
008 - POLE O STAŁEJ DŁUGOŚCI - DANE KONTROLNE
podpole kontrolne o stałej długości s pl f |000 0 pol
100 1# - NAZWA OSOBOWA
Nazwa osobowa KOWALCZYK, Dorota
245 10 - TYTUŁ/ODPOWIEDZIALNOŚĆ
Tytuł Mathematica 2.2 Enhanced... i statystyka matematyczna dla studentów /
Pozostałe elementy strefy tytułu i oznaczenia odpowiedzialności Dorota Kowalczyk.
246 14 - WARIANT TYTUŁU
Tytuł Mathematica Enhanced wersja 2.2 i statystyka matematyczna dla studentów
260 ## - STREFA ADRESU WYDAWNICZEGO
Miejsce wydania Warszawa :
Nazwa wydawcy/dystrybutora "Lynx-SFT",
Data publikacji, dystrybucji/powstania dokumentu [1998].
300 ## - STREFA OPISU FIZYCZNEGO
Objętość 321 s. :
Inne cechy fizyczne rys., wykr. ;
Rozmiary 24 cm.
500 ## - UWAGI OGÓLNE
Tekst uwagi Tyt. okł. i grzbiet. : Mathematica Enhanced wersja 2.2... i statystyka matematyczna dla studentów.
650 #9 - HASŁO PRZEDMIOTOWE W FORMIE NAZWY OGÓLNEJ LUB JEDNOSTKOWEJ
Nazwa ogólna lub geograficzna Mathematica (informat.)
650 #9 - HASŁO PRZEDMIOTOWE W FORMIE NAZWY OGÓLNEJ LUB JEDNOSTKOWEJ
Nazwa ogólna lub geograficzna Statystyka matematyczna
655 ## - TERMIN INDEKSOWY - OKREŚLENIE RODZAJU/FORMY DOKUMENTU
Określenie rodzaju/formy dokumentu Podręczniki akademickie
856 ## - LOKALIZACJA I DOSTĘP DO ELEKTRONICZNYCH DOKUMENTÓW ZDALNYCH
Link (URL) http://koha.tu.koszalin.pl/cgi-bin/koha/opac-detail.pl?biblionumber=46499
Tekst linku Katalog online BPK
942 ## - DODATKOWE ELEMENTY (KOHA)
Typ dokumentu Książka
Egzemplarze
Wycofany Status egzemplarza Uszkodzony Dostępność Lokalizacja stała Lokalizacja bieżąca Miejsce przechowywania Sygnatura Kod kreskowy Ostatnio wypożyczono Typ dokumentu
      Dostępny Biblioteka Politechniki Koszalińskiej Biblioteka Politechniki Koszalińskiej Wypożyczalnia BG 76467 02273990 10.10.2013 Książka
© 2023 Biblioteka Politechniki Koszalińskiej :: KOHA